| 000 | 00625nam a22001937a 4500 | ||
|---|---|---|---|
| 005 | 20251108173249.0 | ||
| 008 | 250721s2006 xx 000 0 ara d | ||
| 082 | 1 | 4 | _a371.26/علا |
| 100 | 1 | _aعلام، صلاح الدين محمود | |
| 245 | 1 | 0 | _aالإختبارات و المقاييس التربوية و النفسية / |
| 264 | 1 |
_aعمان : _bدار الفكر ناشرون و موزعون، _c2006. |
|
| 300 | _a263ص. | ||
| 650 | 1 | 7 | _aعلم النفس التربوي |
| 650 | 1 | 7 | _aالإختبارات |
| 650 | 1 | 7 | _aالتربية |
| 650 | 1 | 7 | _aعلم النفس |
| 942 |
_2ddc _cBK |
||
| 999 |
_c99841 _d99841 |
||